00601nam a2200193Ia 4500020001800000082002200018100002100040245007600061260003400137300001100171440003200182504004600214650002700260650003300287650001100320650002100331650004500352650001000397 a0-415-31486-0 a297.0882971 SIK-M aSikand, Yoginde; 0aMuslims in India since 1947: islamic perspectives on inter-faith relati aLondonbRoutledgeCurzonc2004 ax, 274 aRoyal Asiatic Society Books aincludes bibliography, index and glossary aMuslims - India - 1947 aIslam - India - 20th century aDalits aMuslims in India aAll India Backward Muslim Morcha (AIBMM) aAIBMM